000 00488nam a2200145Ia 4500
008 181023s9999 xx 000 0 und d
020 _a9781259921803
100 _aLind, Douglas A.
245 _cDouglas A. Lind, William G. Marchal, Samuel A. Wathen.--
_aStatistical techniques in business & economics /
250 _a17th ed
260 _aNew York :
_bMcGraw Hill
_c2018
300 _axxvi, 863 pages.
650 _aCommercial statistics.
650 _aEconomics -- statistical methods.
999 _c359398
_d359398